01675cam a22002651 450000100060000000300080000600500170001400800390003103500190007003500180008904000550010704100080016206000230017008200190019310000330021224500620024525000120030726000360031930000340035550400200038950509150040965000360132465000340136065000150139411678BD-RjUL20211208235150.0140127s1950 xx 001 0 eng a(BD-RjUL)11727 a(OCoLC)557213 aDLCcDNLMdODaWUdOClW-HdOCoLCdDLCdBD-RjULbeng aeng00aQU 130bF499b 1950 a612.01531bFIB1 aFink, Robert M.,d1915-2012.10aBiological studies with polonium, radium, and plutonium / a1st ed. aNew York :bMcGraw-Hill,c1950. axvi, 411 p. :bill. ;c22 cm. aIncludes index.0 apt. 1. Distribution and excretion of polonium: Introduction, by H. E. Silberstein. General methods used in polonium distribution and excretion experiments, by A. T. Gorham [et al.] Polonium distribution and excretion experiments with animals, by H. E. Silberstein [et al.] Studies of polonium metabolism in human subjects, by H. E. Silberstein [et al.]--pt. 2. Distribution and excretion of radium: Historical background, by H. E. Silberstein. General methods used in radium distribution and excretion experiments, by H. E. Silberstein. Radium distribution and excretion studies with rats, by H. E. Silberstein.--pt. 3. Toxicity of polonium, plutonium and radium in rats: Pilot studies on the intravenous lethal dosage of polonium, plutonium and radium in rats, by G. A. Boyd [et al.] Simultaneous studies on the intravenous lethal dosage of polonium, plutonium and radium in rats, by G. A. Boyd [et al.] 0aPoloniumxPhysiological effect. 0aRadiumxPhysiological effect. 0aPlutonium.